Occurrence of horseweed biotypes with low susceptibility to glyphosate in the states of Rio Grande do Sul, Paraná and Mato Grosso do Sul, Brazil (Registro n. 9538)
[ somente texto ]
| 000 -LÍDER | |
|---|---|
| fixed length control field | 04249nab a2200277 i 4500 |
| 003 - CÓDIGO MARC DA AGÊNCIA CATALOGADORA | |
| Campo de controle | BR-BrBNA |
| 005 - DATA E HORA DA ÚLTIMA ATUALIZAÇÃO | |
| Campo de controle | 20230915141524.0 |
| 008 - CAMPO DE TAMANHO FIXO | |
| fixed length control field | 230704b2019 bl.ar|pooa||| 00| 0 eng | |
| 040 ## - FONTE DA CATALOGAÇÃO | |
| Agência catalogadora | BR-BrBNA |
| Idioma da catalogação | eng |
| 072 ## - CATEGORIA AGRIS | |
| Código AGRIS | H60 |
| 100 ## - ENTRADA PRINCIPAL - NOME PESSOAL | |
| Nome pessoal | Rizzardi, M.A. |
| 100 ## - ENTRADA PRINCIPAL - NOME PESSOAL | |
| Nome pessoal | Schneider, T. |
| 100 ## - ENTRADA PRINCIPAL - NOME PESSOAL | |
| Nome pessoal | Bianchi, M.A. |
| 100 ## - ENTRADA PRINCIPAL - NOME PESSOAL | |
| Nome pessoal | Rockenbach, A.P. |
| 245 ## - TÍTULO PRINCIPAL | |
| Título principal | Occurrence of horseweed biotypes with low susceptibility to glyphosate in the states of Rio Grande do Sul, Paraná and Mato Grosso do Sul, Brazil |
| 500 ## - NOTA GERAL | |
| Nota geral | Publicação on-line; 21 ref.; 1 table; 2 illus.; Summaries (En, Pt) |
| 942 ## - ADDED ENTRY ELEMENTS (KOHA) | |
| Koha item type | |
| 520 ## - NOTA DE RESUMO | |
| Nota de conteúdo | <br/><br/>ABSTRACT - Horseweed is an annual cycle weed naturally controlled by the herbicide<br/>glyphosate. However, the continued use of this product has selected tolerant and<br/>resistant populations. The objective of this study is to analyze the occurrence of<br/>horseweed biotypes with a low glyphosate susceptibility in the states of Rio Grande<br/>do Sul, Paraná and Mato Grosso do Sul. Seeds of horseweed plants (Conyza spp.)<br/>that survived glyphosate applications were collected in RR soybean crops, totaling<br/>137 samples from 37 municipalities. The seeds of the biotypes were sown, and the<br/>plants originated from them, when they reached the stage of four to six leaves, were<br/>subjected to a treatment with 1,440 g a.e. ha-1 of glyphosate. According to the results,<br/>108 biotypes were not controlled and 29 were controlled by the application of<br/>glyphosate. Thus, 78% of horseweed biotypes evaluated are not controlled by the<br/>dose 1,440 g a.e. ha-1 of glyphosate, and 22% are susceptible to the same dose.<br/>Evaluating the distribution per state, Paraná, Rio Grande do Sul and Mato Grosso do<br/>Sul presented 83%, 77% and 77%, respectively, of biotypes not controlled by<br/>glyphosate at the dose used. Thus, most of the collected horseweed biotypes present<br/>a low sensitivity to glyphosate, thus confirming the high horseweed distribution<br/>with a low susceptibility to glyphosate in Mato Grosso do Sul, Paraná and Rio<br/>Grande do Sul.<br/><br/>Keywords: Conyza bonariensis, Conyza sumatrensis, Conyza canadensis,<br/>resistance, chemical control.<br/> |
| 520 ## - NOTA DE RESUMO | |
| Nota de conteúdo | <br/><br/>RESUMO - Buva é uma planta daninha de ciclo anual, naturalmente controlada<br/>pelo herbicida glyphosate, no entanto, o uso continuado desse produto selecionou<br/>populações tolerantes e resistentes. Objetivou-se neste estudo avaliar a ocorrência<br/>de biótipos de buva com reduzida suscetibilidade ao herbicida glyphosate nos<br/>Estados do Rio Grande do Sul, Paraná e Mato Grosso do Sul. Sementes de plantas<br/>de buva (Conyza spp.) que sobreviveram a aplicações de glyphosate foram<br/>coletadas em lavouras de soja RR, totalizando 137 amostras de 37 municípios. As<br/>sementes dos biótipos foram semeadas, e as plantas originadas delas, quando<br/>atingiram o estádio de quatro a seis folhas, submetidas ao tratamento de<br/>1.440 g e.a. ha-1 de glyphosate. De acordo com os resultados, 108 biótipos não<br/>foram controlados e 29 foram controlados pela aplicação do herbicida glyphosate.<br/>Dessa forma, 78% dos biótipos de buva avaliados não são controlados pela dose<br/>de 1.440 g e.a. ha-1 de glyphosate, e 22% apresentam suscetibilidade à mesma<br/>dose. Avaliando a distribuição por Estado, Paraná, Rio Grande do Sul e Mato<br/>Grosso do Sul apresentaram 83%, 77% e 77%, respectivamente, dos biótipos não controlados pelo<br/>glyphosate, na dose utilizada. Assim, conclui-se que a maioria dos biótipos de buva coletados apresenta<br/>baixa sensibilidade ao glyphosate, confirmando assim a elevada distribuição de buva com reduzida<br/>suscetibilidade ao glyphosate no Mato Grosso do Sul, Paraná e Rio Grande do Sul.<br/><br/>Palavras-chave: Conyza bonariensis, Conyza sumatrensis, Conyza canadensis, resistência, controle<br/>químico |
| 650 ## - ASSUNTO - THESAGRO | |
| Cabeçalho tópico ou nome geográfico | ERVA DANINHA |
| 650 ## - ASSUNTO - THESAGRO | |
| Cabeçalho tópico ou nome geográfico | CONTROLE QUÍMICO |
| 650 ## - ASSUNTO - THESAGRO | |
| Cabeçalho tópico ou nome geográfico | RESISTÊNCIA A PRODUTOS QUÍMICOS |
| 773 0# - ENTRADA ANALÍTICA | |
| Host Biblionumber | 886 |
| Registro do item | 1816 |
| Imprenta | Londrina-PR : Sociedade Brasileira da Ciência das Plantas Daninhas, 1978 |
| Outro identificador | 2023-031023 |
| Título | Planta Daninha (Brazil) |
| ISSN | 0100-8358; 1806-9681 (on-line) |
| Colação | v. 37 p. 1-10; (2019) |
| Número de controle de registro | BR2023000490 |
| 856 ## - ACESSO E ENDEREÇO ELETRÔNICO | |
| Identificador uniforme de recurso - URI | https://www.scielo.br/j/pd/a/4Sb9ZKg5h37VG5dtZxtXskD/?format=pdf&lang=en |
Nenhum exemplar disponível.

BINAGRI